000 00783nam a22002297a 4500
003 OSt
005 20260304080023.0
008 260304b |||||||| |||| 00| 0 eng d
020 _a978-621-8070-54-7
040 _aDWC-Admin lib
_cOC
082 _aFil. 991.408 R287 2024
100 _aBriones, Mario R.
245 _aReadings in Philippine history /
_cBriones, Mario R.
260 _aManila, Philippines:
_b Fastbooks Educational Supply, Inc.,
_cc2024.
300 _a xiii, 276 pages:
_billustrations;
_c25 cm.
504 _aIncludes bibliographical references.
650 _a1. History, Philippines.
700 _aFuentes, Maryjane D.
700 _aAcero, Allegro C.
700 _aSolmerano, Ernesto Thaddeus M.
942 _2ddc
_cBK - FIL
_e Second edition
_hFil.
_n0
999 _c8629
_d8629